000 00946nam a2200265Ia 4500
003 OSt
005 20220925223525.0
006 a|||||r|||| 00| 0
007 ta
008 220923b |||||||| |||| 00| 0 eng d
020 _a9780415483285
_c675.75
037 _bDL/INV-CONF/08-05980, 09/03/2009, Atlantic Publisher & Distributers
_cGeneral Book
040 _aRTL
_cRTL
_beng
041 _2eng
_aeng
082 _aY9(T).2.P, P9
100 _aSharma Rashmi
245 0 _aElementary education system in India
_b Exploring institutional structures processes and dynamics.
260 _aLondon
_bRoutledge
_c2009
300 _axix, 346p.
_ccm.
500 _aBibliography: P322-337
650 _aSociology
700 _a Ramachandran Vimala
942 _hY9(T).2.P, P9
_cGB
_2CC
999 _c579804
_d579804